| 000 | 00811nam a2200265 a 4500 | ||
|---|---|---|---|
| 001 | 000021257 | ||
| 005 | 20230417152700.0 | ||
| 008 | 100902s1999 sp 000 d spa d | ||
| 020 | _a8489163642 | ||
| 040 |
_aDO-SdBNP _bspa _cBNPHU |
||
| 082 |
_a822.33 _bS527m |
||
| 100 | 1 |
_aShakespeare, William, _d1564-1616 _96748 |
|
| 240 | 1 | 0 |
_aMacbeth. _lEspañol |
| 245 | 1 | 3 |
_aMacbeth / _cWilliam Shakespeare ; introducción de Guillermo Macpherson. |
| 260 |
_aMadrid : _bÍntegra, _c1999. |
||
| 300 |
_a124 p. ; _c19 cm. |
||
| 490 | 1 |
_aClásicos universales _v29 |
|
| 534 |
_aTítulo original : _tMacbeth. |
||
| 650 | 0 |
_aTeatro inglés _96749 |
|
| 650 | 4 |
_aLiteratura inglesa _9498 |
|
| 700 | 1 |
_aMacpherson, Guillermo, _etr. _912949 |
|
| 830 | 0 |
_aClásicos universales ; _v29 _9266 |
|
| 910 | _aWM | ||
| 049 | _aBNGR | ||
| 999 |
_c20757 _d20757 |
||